[Event "European Senior Team Championship 2021"]
[Site "Don Giovanni hotel, Vinohradska 2733, Prague, Czech Republic"]
[Date "2021.09.04"]
[Round "6"]
[Board "1"]
[White "Renman, Nils-Gustaf"]
[Black "Kolbak, Jens"]
[Result "1/2-1/2"]
[WhiteElo "2311"]
[BlackElo "2169"]
[PlyCount "0"]
[EventDate "2021.08.30"]
[EventType "team"]
[EventRounds "9"]
[EventCountry "ECX"]
[WhiteTeam "SWEDEN 1"]
[BlackTeam "SK 2012"]

1. d4 {[%clk 1:30:56]} d5 {[%clk 1:30:47]} 2. c4 {[%clk 1:31:11]} c6
{[%clk 1:31:04]} 3. Nf3 {[%clk 1:30:11]} Nf6 {[%clk 1:31:21]} 4. Nc3
{[%clk 1:29:30]} e6 {[%clk 1:31:32]} 5. Bg5 {[%clk 1:29:36]} Be7 {[%clk 1:31:03]}
6. e3 {[%clk 1:29:39]} Nbd7 {[%clk 1:31:04]} 7. Qc2 {[%clk 1:29:56]} Nh5
{[%clk 1:27:51]} 8. Bxe7 {[%clk 1:29:47]} Qxe7 {[%clk 1:28:15]} 9. g4
{[%clk 1:26:19]} Nhf6 {[%clk 1:28:38]} 10. g5 {[%clk 1:24:49]} Ng8
{[%clk 1:21:47]} 11. Rg1 {[%clk 1:22:35]} dxc4 {[%clk 1:19:49]} 12. Bxc4
{[%clk 1:22:49]} Nb6 {[%clk 1:20:13]} 13. Bd3 {[%clk 1:19:19]} g6
{[%clk 1:09:11]} 14. O-O-O {[%clk 1:16:13]} Bd7 {[%clk 1:09:28]} 15. Ne4
{[%clk 1:14:24]} O-O-O {[%clk 1:08:31]} 16. Ne5 {[%clk 1:10:50]} Be8
{[%clk 1:06:54]} 17. Qc5 {[%clk 1:02:35]} Kc7 {[%clk 0:56:22]} 18. Qa5
{[%clk 0:50:55]} f5 {[%clk 0:41:29]} 19. gxf6 {[%clk 0:35:31]} Nxf6
{[%clk 0:41:50]} 20. Nxg6 {[%clk 0:35:32]} Bxg6 {[%clk 0:37:34]} 21. Qe5+
{[%clk 0:35:50]} Kc8 {[%clk 0:37:49]} 22. Qxf6 {[%clk 0:31:20]} Qxf6
{[%clk 0:35:53]} 23. Nxf6 {[%clk 0:31:44]} Rdf8 {[%clk 0:32:29]} 24. Ng4
{[%clk 0:26:47]} Bxd3 {[%clk 0:32:49]} 25. Rxd3 {[%clk 0:27:15]} h5
{[%clk 0:33:07]} 26. Ne5 {[%clk 0:27:36]} Rxf2 {[%clk 0:33:31]} 27. Rd2
{[%clk 0:27:48]} Rhf8 {[%clk 0:32:04]} 28. Rg2 {[%clk 0:27:45]} Rf1+
{[%clk 0:28:04]} 29. Kc2 {[%clk 0:27:33]} Nd5 {[%clk 0:27:44]} 30. Rde2
{[%clk 0:25:21]} Nb4+ {[%clk 0:20:41]} 31. Kb3 {[%clk 0:23:53]} Nd5
{[%clk 0:19:10]} 32. a3 {[%clk 0:23:14]} Ne7 {[%clk 0:16:38]} 33. Kc3
{[%clk 0:19:09]} a5 {[%clk 0:11:13]} 34. Kd3 {[%clk 0:15:24]} a4 {[%clk 0:10:04]}
35. Rg7 {[%clk 0:11:28]} Kd8 {[%clk 0:08:53]} 36. Rh7 {[%clk 0:09:23]} R1f5
{[%clk 0:05:16]} 37. e4 {[%clk 0:07:18]} Rf1 {[%clk 0:04:06]} 38. Rxh5
{[%clk 0:05:38]} Ke8 {[%clk 0:02:51]} 39. Rh6 {[%clk 0:02:41]} R1f6
{[%clk 0:02:56]} 40. Rxf6 {[%clk 0:02:42]} Rxf6 {[%clk 0:03:21]} 41. Rg2
{[%clk 0:29:50]} Rh6 {[%clk 0:33:33]} 42. Kc4 {[%clk 0:27:57]} Rh4
{[%clk 0:32:57]} 43. Ng4 {[%clk 0:22:47]} Kd8 {[%clk 0:30:52]} 44. Kb4
{[%clk 0:21:49]} Nc8 {[%clk 0:30:46]} 45. Kc5 {[%clk 0:19:28]} Kc7
{[%clk 0:31:00]} 46. Nf2 {[%clk 0:17:04]} Rh7 {[%clk 0:28:29]} 47. h3
{[%clk 0:17:07]} Nd6 {[%clk 0:20:51]} 48. e5 {[%clk 0:09:06]} Nf5
{[%clk 0:18:32]} 49. Rg4 {[%clk 0:08:13]} Rd7 {[%clk 0:15:59]} 50. Re4
{[%clk 0:06:51]} b5 {[%clk 0:15:54]} 51. Nd3 {[%clk 0:05:40]} Rd5+
{[%clk 0:16:01]} 52. Kb4 {[%clk 0:06:09]} Nxd4 {[%clk 0:15:57]} 53. Nf4
{[%clk 0:05:37]} c5+ {[%clk 0:15:47]} 54. Kc3 {[%clk 0:05:23]} Rd7
{[%clk 0:15:23]} 55. h4 {[%clk 0:04:57]} Rf7 {[%clk 0:14:59]} 56. Kd3
{[%clk 0:04:54]} Kd7 {[%clk 0:15:08]} 57. h5 {[%clk 0:05:00]} Ke8
{[%clk 0:13:15]} 58. Ke3 {[%clk 0:05:11]} Rf5 {[%clk 0:10:20]} 59. Kf2
{[%clk 0:03:34]} Kf7 {[%clk 0:10:01]} 60. Kg3 {[%clk 0:03:59]} Rg5+
{[%clk 0:09:48]} 61. Kh3 {[%clk 0:02:48]} Nf5 {[%clk 0:07:55]} 62. Re2
{[%clk 0:02:13]} Nd4 {[%clk 0:06:51]} 63. Rf2 {[%clk 0:02:05]} Kg7
{[%clk 0:05:28]} 64. Rg2 {[%clk 0:01:48]} Kh6 {[%clk 0:05:18]} 65. Rg4
{[%clk 0:01:47]} Rxg4 {[%clk 0:04:43]} 66. Kxg4 {[%clk 0:02:15]} c4
{[%clk 0:04:16]} 67. Ng2 {[%clk 0:00:51]} Nc6 {[%clk 0:03:31]} 68. Kf4
{[%clk 0:01:08]} Kxh5 {[%clk 0:03:47]} 69. Ke4 {[%clk 0:01:36]} Kg6
{[%clk 0:03:44]} 70. Nf4+ {[%clk 0:02:02]} Kf7 {[%clk 0:04:08]} 71. Ne2
{[%clk 0:02:21]} b4 {[%clk 0:03:32]} 72. axb4 {[%clk 0:02:37]} Nxb4
{[%clk 0:03:55]} 73. Nc3 {[%clk 0:02:59]} Nc6 {[%clk 0:03:54]} 74. Nxa4
{[%clk 0:03:20]} Ke7 {[%clk 0:03:37]} 75. Nb6 {[%clk 0:03:36]} Na5
{[%clk 0:03:51]} 76. Kd4 {[%clk 0:02:30]} Nc6+ {[%clk 0:04:14]} 77. Ke4
{[%clk 0:02:41]} Na5 {[%clk 0:04:40]}  1/2-1/2

[Event "European Senior Team Championship 2021"]
[Site "Don Giovanni hotel, Vinohradska 2733, Prague, Czech Republic"]
[Date "2021.09.04"]
[Round "6"]
[Board "2"]
[White "Jorgensen, Jorgen"]
[Black "Uddenfeldt, Dan"]
[Result "1-0"]
[WhiteElo "2165"]
[BlackElo "2309"]
[PlyCount "0"]
[EventDate "2021.08.30"]
[EventType "team"]
[EventRounds "9"]
[EventCountry "ECX"]
[WhiteTeam "SK 2012"]
[BlackTeam "SWEDEN 1"]

1. Nf3 {[%clk 1:30:55]} d5 {[%clk 1:30:28]} 2. g3 {[%clk 1:31:02]} Nc6
{[%clk 1:30:01]} 3. d4 {[%clk 1:31:06]} Bf5 {[%clk 1:29:53]} 4. Bg2
{[%clk 1:31:13]} e6 {[%clk 1:29:43]} 5. O-O {[%clk 1:29:57]} Be7 {[%clk 1:29:19]}
6. c4 {[%clk 1:23:29]} dxc4 {[%clk 1:18:47]} 7. Qa4 {[%clk 1:19:25]} Qd7
{[%clk 1:11:48]} 8. Qxc4 {[%clk 1:19:08]} Bf6 {[%clk 0:48:29]} 9. Nc3
{[%clk 1:02:16]} Nge7 {[%clk 0:33:53]} 10. Rd1 {[%clk 0:50:03]} Nd5
{[%clk 0:28:22]} 11. Ne5 {[%clk 0:31:29]} Bxe5 {[%clk 0:27:25]} 12. dxe5
{[%clk 0:31:47]} Nxe5 {[%clk 0:25:21]} 13. Qb3 {[%clk 0:31:28]} Rd8
{[%clk 0:06:23]} 14. Nxd5 {[%clk 0:29:24]} exd5 {[%clk 0:06:18]} 15. Rxd5
{[%clk 0:29:42]} Qe6 {[%clk 0:05:41]} 16. Rxd8+ {[%clk 0:29:33]} Kxd8
{[%clk 0:06:10]} 17. Qxb7 {[%clk 0:29:12]} Re8 {[%clk 0:04:52]} 18. Bf4
{[%clk 0:28:22]} Ke7 {[%clk 0:02:47]} 19. Qxc7+ {[%clk 0:27:17]} Nd7
{[%clk 0:02:50]} 20. Rc1 {[%clk 0:23:21]} Qb6 {[%clk 0:02:54]} 21. Qc3
{[%clk 0:22:36]} Kf8 {[%clk 0:03:10]} 22. Qa3+ {[%clk 0:20:17]} Kg8
{[%clk 0:03:30]} 23. Be3 {[%clk 0:20:36]} Qe6 {[%clk 0:03:24]} 24. Qxa7
{[%clk 0:20:50]} h5 {[%clk 0:03:18]} 25. Bc6 {[%clk 0:18:30]} Re7
{[%clk 0:02:58]} 26. Qa4 {[%clk 0:16:59]} Ne5 {[%clk 0:03:12]} 27. Bg2
{[%clk 0:16:14]} Ng4 {[%clk 0:03:15]} 28. Qa8+ {[%clk 0:12:18]} Re8
{[%clk 0:03:15]} 29. Qc6 {[%clk 0:11:14]} Nxe3 {[%clk 0:02:57]} 30. Qxe6
{[%clk 0:11:33]} Bxe6 {[%clk 0:03:24]} 31. fxe3 {[%clk 0:11:32]} Bxa2
{[%clk 0:03:48]} 32. Ra1 {[%clk 0:11:14]} Bc4 {[%clk 0:03:49]} 33. Kf2
{[%clk 0:11:08]} Re5 {[%clk 0:03:43]} 34. Ra4 {[%clk 0:10:19]} Bb3
{[%clk 0:03:24]} 35. Rb4 {[%clk 0:10:13]} Be6 {[%clk 0:03:44]} 36. Be4
{[%clk 0:09:49]} g5 {[%clk 0:03:59]} 37. Bd3 {[%clk 0:09:50]} Kg7
{[%clk 0:03:54]} 38. Rb8 {[%clk 0:05:28]} Bf5 {[%clk 0:02:12]} 39. b4
{[%clk 0:05:32]} Bxd3 {[%clk 0:02:03]} 40. exd3 {[%clk 0:05:53]} Rf5+
{[%clk 0:02:00]} 41. Ke2 {[%clk 0:05:23]} g4 {[%clk 0:02:08]} 42. e4
{[%clk 0:25:56]} Rf6 {[%clk 0:30:49]} 43. Rb5 {[%clk 0:24:40]} Kg6
{[%clk 0:30:44]} 44. Rc5 {[%clk 0:22:03]} Ra6 {[%clk 0:30:12]} 45. Rc2
{[%clk 0:22:18]} Rb6 {[%clk 0:29:50]} 46. Rb2 {[%clk 0:22:23]} f5
{[%clk 0:27:06]} 47. Ke3 {[%clk 0:21:32]} fxe4 {[%clk 0:26:53]} 48. Kxe4
{[%clk 0:21:47]} Kf6 {[%clk 0:24:35]} 49. Kd5 {[%clk 0:21:34]}  1-0

[Event "European Senior Team Championship 2021"]
[Site "Don Giovanni hotel, Vinohradska 2733, Prague, Czech Republic"]
[Date "2021.09.04"]
[Round "6"]
[Board "3"]
[White "Malmdin, Nils-Ake"]
[Black "Holst, Per"]
[Result "1/2-1/2"]
[WhiteElo "2150"]
[BlackElo "2097"]
[PlyCount "0"]
[EventDate "2021.08.30"]
[EventType "team"]
[EventRounds "9"]
[EventCountry "ECX"]
[WhiteTeam "SWEDEN 1"]
[BlackTeam "SK 2012"]

1. e4 {[%clk 1:30:35]} e6 {[%clk 1:30:52]} 2. d4 {[%clk 1:30:09]} d5
{[%clk 1:31:13]} 3. e5 {[%clk 1:30:08]} c5 {[%clk 1:31:33]} 4. c3
{[%clk 1:30:07]} Nc6 {[%clk 1:31:55]} 5. Nf3 {[%clk 1:26:48]} Qb6
{[%clk 1:31:49]} 6. Be2 {[%clk 1:26:21]} Bd7 {[%clk 1:31:41]} 7. O-O
{[%clk 1:26:10]} cxd4 {[%clk 1:25:45]} 8. cxd4 {[%clk 1:26:08]} Nge7
{[%clk 1:26:03]} 9. Nc3 {[%clk 1:19:37]} Nf5 {[%clk 1:25:27]} 10. Na4
{[%clk 1:19:33]} Qa5 {[%clk 1:25:45]} 11. Bd2 {[%clk 1:18:51]} Bb4
{[%clk 1:25:25]} 12. Bxb4 {[%clk 1:16:00]} Nxb4 {[%clk 1:20:26]} 13. Nc3
{[%clk 1:08:40]} O-O {[%clk 1:12:38]} 14. a3 {[%clk 0:57:10]} Nc6
{[%clk 1:08:43]} 15. g4 {[%clk 0:43:35]} Nh6 {[%clk 0:59:07]} 16. g5
{[%clk 0:41:19]} Nf5 {[%clk 0:59:24]} 17. Qd2 {[%clk 0:41:41]} f6
{[%clk 0:48:55]} 18. gxf6 {[%clk 0:36:24]} gxf6 {[%clk 0:48:35]} 19. Kh1
{[%clk 0:36:33]} Qd8 {[%clk 0:42:21]} 20. Rg1+ {[%clk 0:33:45]} Kh8
{[%clk 0:42:34]} 21. Rg4 {[%clk 0:33:29]} fxe5 {[%clk 0:41:00]} 22. dxe5
{[%clk 0:33:25]} Qe7 {[%clk 0:36:13]} 23. Bd3 {[%clk 0:27:16]} Qf7
{[%clk 0:32:27]} 24. Rag1 {[%clk 0:22:24]} Nce7 {[%clk 0:28:57]} 25. Ng5
{[%clk 0:20:50]} Qh5 {[%clk 0:27:19]} 26. Be2 {[%clk 0:19:07]} Qe8
{[%clk 0:25:40]} 27. Nxh7 Kxh7 {[%clk 0:22:12]} 28. Qd3 {[%clk 0:12:59]} Ng6
{[%clk 0:18:22]} 29. Qh3+ {[%clk 0:12:42]} Kg7 {[%clk 0:15:23]} 30. Qh5
{[%clk 0:11:19]} Nfe7 {[%clk 0:14:04]} 31. Bd3 {[%clk 0:11:28]} Rf5
{[%clk 0:13:42]} 32. Bxf5 {[%clk 0:11:26]} exf5 {[%clk 0:13:58]} 33. Rh4
{[%clk 0:11:39]} Qg8 {[%clk 0:12:58]} 34. Qg5 {[%clk 0:11:07]} Qe6
{[%clk 0:11:39]} 35. Ne2 {[%clk 0:06:21]} d4 {[%clk 0:09:11]} 36. Nxd4
{[%clk 0:05:40]} Qxe5 {[%clk 0:06:49]} 37. f3 {[%clk 0:02:41]} Rg8
{[%clk 0:06:40]} 38. Qd2 {[%clk 0:01:34]} Kf8 {[%clk 0:05:03]} 39. Rh7
{[%clk 0:01:24]} Rg7 {[%clk 0:04:35]} 40. Rh5 {[%clk 0:01:15]} Nf4
{[%clk 0:02:30]} 41. Rh8+ {[%clk 0:27:42]} Rg8 {[%clk 0:24:36]} 42. Rhxg8+
{[%clk 0:25:20]} Nxg8 {[%clk 0:24:59]} 43. Re1 {[%clk 0:24:40]} Qc7
{[%clk 0:21:21]} 44. Qb4+ {[%clk 0:19:58]} Kf7 {[%clk 0:18:23]} 45. Qb3+
{[%clk 0:19:40]} Kf8 {[%clk 0:18:41]}  1/2-1/2

[Event "European Senior Team Championship 2021"]
[Site "Don Giovanni hotel, Vinohradska 2733, Prague, Czech Republic"]
[Date "2021.09.04"]
[Round "6"]
[Board "4"]
[White "Mortensen, Steen Juul"]
[Black "Hammar, Bengt"]
[Result "1/2-1/2"]
[WhiteElo "1938"]
[BlackElo "2130"]
[PlyCount "0"]
[EventDate "2021.08.30"]
[EventType "team"]
[EventRounds "9"]
[EventCountry "ECX"]
[WhiteTeam "SK 2012"]
[BlackTeam "SWEDEN 1"]

1. d4 {[%clk 1:30:57]} Nf6 {[%clk 1:30:35]} 2. c4 {[%clk 1:30:53]} g6
{[%clk 1:30:30]} 3. Nf3 {[%clk 1:30:41]} Bg7 {[%clk 1:30:29]} 4. Nc3
{[%clk 1:31:04]} d5 {[%clk 1:29:36]} 5. e3 {[%clk 1:30:02]} O-O {[%clk 1:28:51]}
6. Qb3 {[%clk 1:29:33]} dxc4 {[%clk 1:25:11]} 7. Bxc4 {[%clk 1:28:27]} Nbd7
{[%clk 1:15:03]} 8. O-O {[%clk 1:22:57]} Nb6 {[%clk 1:09:42]} 9. Be2
{[%clk 1:20:01]} Be6 {[%clk 1:08:59]} 10. Qa3 {[%clk 1:18:06]} Bc4
{[%clk 1:02:50]} 11. Re1 {[%clk 1:10:26]} Bxe2 {[%clk 0:58:34]} 12. Rxe2
{[%clk 1:10:19]} Nfd5 {[%clk 0:55:51]} 13. Nxd5 {[%clk 1:03:35]} Nxd5
{[%clk 0:55:48]}  1/2-1/2

[Event "European Senior Team Championship 2021"]
[Site "Don Giovanni hotel, Vinohradska 2733, Prague, Czech Republic"]
[Date "2021.09.04"]
[Round "6"]
[Board "2"]
[White "Orlova, Liubov"]
[Black "Gal, Moshe"]
[Result "1/2-1/2"]
[WhiteElo "1988"]
[BlackElo "2088"]
[PlyCount "0"]
[EventDate "2021.08.30"]
[EventType "team"]
[EventRounds "9"]
[EventCountry "ECX"]
[WhiteTeam "GERMANY 1 WOMEN"]
[BlackTeam "ISRAEL 2"]

1. c4 {[%clk 1:30:50]} Nf6 {[%clk 1:30:41]} 2. Nc3 {[%clk 1:30:30]} d5
{[%clk 1:30:50]} 3. cxd5 {[%clk 1:29:08]} Nxd5 {[%clk 1:31:11]} 4. e4
{[%clk 1:28:43]} Nxc3 {[%clk 1:31:26]} 5. bxc3 {[%clk 1:29:10]} g6
{[%clk 1:31:46]} 6. Nf3 {[%clk 1:27:54]} Bg7 {[%clk 1:32:08]} 7. Bb5+
{[%clk 1:26:28]} c6 {[%clk 1:30:10]} 8. Bc4 {[%clk 1:25:27]} O-O {[%clk 1:30:07]}
9. O-O {[%clk 1:25:08]} c5 {[%clk 1:29:18]} 10. Rb1 {[%clk 1:19:30]} Qc7
{[%clk 1:22:32]} 11. h3 {[%clk 1:19:18]} Nc6 {[%clk 1:21:40]} 12. Bb2
{[%clk 1:12:16]} Na5 {[%clk 1:17:39]} 13. Be2 {[%clk 1:04:41]} Rd8
{[%clk 1:09:41]} 14. c4 {[%clk 0:54:49]} Bxb2 {[%clk 1:07:27]} 15. Rxb2
{[%clk 0:55:18]} e5 {[%clk 1:07:29]} 16. Qc1 {[%clk 0:54:39]} b6 {[%clk 1:04:52]}
17. d3 {[%clk 0:53:14]} Qe7 {[%clk 1:04:33]} 18. Qh6 {[%clk 0:49:17]} Nc6
{[%clk 0:58:10]} 19. Ne1 {[%clk 0:43:23]} Nd4 {[%clk 0:46:34]} 20. Bd1
{[%clk 0:35:05]} g5 {[%clk 0:44:45]} 21. Qh5 {[%clk 0:29:48]} Rd6
{[%clk 0:40:58]} 22. Bg4 {[%clk 0:27:11]} Kg7 {[%clk 0:37:42]} 23. Bxc8
{[%clk 0:27:15]} Rh6 {[%clk 0:34:19]} 24. Qg4 {[%clk 0:26:13]} Rh4
{[%clk 0:33:41]} 25. Qd7 {[%clk 0:22:24]} Qf6 {[%clk 0:29:50]} 26. g3
{[%clk 0:20:26]} Rh6 {[%clk 0:26:32]} 27. Kg2 {[%clk 0:17:37]} Ne6
{[%clk 0:26:45]} 28. Rg1 {[%clk 0:13:13]} g4 {[%clk 0:23:25]} 29. h4
{[%clk 0:09:06]} Rb8 {[%clk 0:22:17]} 30. a4 {[%clk 0:09:04]} a5 {[%clk 0:18:56]}
31. Kf1 {[%clk 0:08:55]} Rg6 {[%clk 0:18:45]} 32. Ng2 {[%clk 0:08:31]} Qf3
{[%clk 0:17:08]} 33. Ne3 {[%clk 0:08:29]} Rf6 {[%clk 0:17:26]} 34. Nf5+
{[%clk 0:07:58]} Rxf5 {[%clk 0:11:46]} 35. exf5 {[%clk 0:08:03]} Nf4
{[%clk 0:11:12]} 36. f6+ {[%clk 0:06:47]} Kh6 {[%clk 0:11:40]} 37. Rd2
{[%clk 0:06:39]} Ne6 {[%clk 0:10:55]} 38. Qd5 {[%clk 0:06:15]} Rxc8
{[%clk 0:11:15]} 39. Qxf3 {[%clk 0:06:03]} gxf3 {[%clk 0:11:44]} 40. g4
{[%clk 0:05:57]} Kg6 {[%clk 0:11:41]} 41. Rg3 {[%clk 0:05:33]} Nd4
{[%clk 0:12:01]} 42. g5 {[%clk 0:05:33]} Kf5 {[%clk 0:12:19]} 43. Rb2
{[%clk 0:05:20]} Rc6 {[%clk 0:12:10]} 44. Ke1 {[%clk 0:05:19]} Kf4
{[%clk 0:10:51]} 45. Rg1 {[%clk 0:02:36]}  1/2-1/2

[Event "European Senior Team Championship 2021"]
[Site "Don Giovanni hotel, Vinohradska 2733, Prague, Czech Republic"]
[Date "2021.09.04"]
[Round "6"]
[Board "3"]
[White "Segal, Yosef"]
[Black "Kierzek, Mira"]
[Result "0-1"]
[WhiteElo "1814"]
[BlackElo "2003"]
[PlyCount "0"]
[EventDate "2021.08.30"]
[EventType "team"]
[EventRounds "9"]
[EventCountry "ECX"]
[WhiteTeam "ISRAEL 2"]
[BlackTeam "GERMANY 1 WOMEN"]

1. d4 {[%clk 1:30:55]} d5 {[%clk 1:30:52]} 2. c4 {[%clk 1:31:10]} c6
{[%clk 1:31:12]} 3. cxd5 {[%clk 1:31:10]} cxd5 {[%clk 1:31:33]} 4. Nc3
{[%clk 1:31:29]} Nf6 {[%clk 1:31:02]} 5. g3 {[%clk 1:31:13]} Nc6 {[%clk 1:26:31]}
6. e3 {[%clk 1:30:27]} e6 {[%clk 1:20:54]} 7. a3 {[%clk 1:27:51]} a6
{[%clk 1:17:53]} 8. b4 {[%clk 1:26:42]} Be7 {[%clk 1:15:05]} 9. Bg2
{[%clk 1:26:56]} O-O {[%clk 1:14:32]} 10. Nge2 {[%clk 1:27:00]} Bd7
{[%clk 1:07:35]} 11. O-O {[%clk 1:26:09]} Na7 {[%clk 1:03:08]} 12. Re1
{[%clk 1:24:59]} Bc6 {[%clk 1:01:39]} 13. f3 {[%clk 1:23:55]} a5 {[%clk 0:50:59]}
14. Qb3 {[%clk 1:21:54]} axb4 {[%clk 0:46:25]} 15. axb4 {[%clk 1:21:05]} Nb5
{[%clk 0:45:48]} 16. Bd2 {[%clk 1:20:11]} Nd6 {[%clk 0:44:10]} 17. Rxa8
{[%clk 1:16:52]} Qxa8 {[%clk 0:44:23]} 18. Rb1 {[%clk 1:15:36]} Nc4
{[%clk 0:42:00]} 19. Bc1 b5 20. g4 {[%clk 1:11:22]} h6 {[%clk 0:40:46]} 21. Qd1
{[%clk 1:04:42]} Qb7 {[%clk 0:38:26]} 22. Nf4 {[%clk 0:58:11]} Ra8
{[%clk 0:33:54]} 23. Nd3 {[%clk 0:54:56]} Nd7 {[%clk 0:30:52]} 24. e4
{[%clk 0:45:37]} dxe4 {[%clk 0:28:25]} 25. fxe4 {[%clk 0:45:38]} Nf6
{[%clk 0:21:38]} 26. Qe2 {[%clk 0:38:42]} Rd8 {[%clk 0:21:09]} 27. Nc5
{[%clk 0:38:51]} Qa8 {[%clk 0:17:53]} 28. d5 {[%clk 0:38:12]} Bxc5+
{[%clk 0:18:14]} 29. bxc5 {[%clk 0:38:05]} exd5 {[%clk 0:17:51]} 30. exd5 Nxd5
31. Nxd5 Bxd5 32. Bf4 {[%clk 0:33:20]} Qc6 {[%clk 0:16:31]} 33. Rd1
{[%clk 0:30:37]} Qxc5+ {[%clk 0:06:48]} 34. Kh1 {[%clk 0:30:42]} Bxg2+
{[%clk 0:07:07]} 35. Kxg2 {[%clk 0:30:53]} Rxd1 {[%clk 0:07:20]} 36. Qxd1
{[%clk 0:31:09]} Qc6+ {[%clk 0:07:23]} 37. Kg3 {[%clk 0:30:34]} Qe4
{[%clk 0:06:57]} 38. Qc1 {[%clk 0:28:36]} Qd3+ {[%clk 0:06:50]} 39. Kg2
{[%clk 0:28:11]} b4 {[%clk 0:07:11]}  0-1

[Event "European Senior Team Championship 2021"]
[Site "Don Giovanni hotel, Vinohradska 2733, Prague, Czech Republic"]
[Date "2021.09.04"]
[Round "6"]
[Board "4"]
[White "Wagner-Michel, Annett"]
[Black "Postolati, Alexander"]
[Result "1-0"]
[WhiteElo "2011"]
[BlackElo "1779"]
[PlyCount "0"]
[EventDate "2021.08.30"]
[EventType "team"]
[EventRounds "9"]
[EventCountry "ECX"]
[WhiteTeam "GERMANY 1 WOMEN"]
[BlackTeam "ISRAEL 2"]

1. e4 {[%clk 1:30:30]} c5 {[%clk 1:27:52]} 2. Nf3 {[%clk 1:30:50]} e6
{[%clk 1:28:16]} 3. d4 {[%clk 1:30:24]} cxd4 {[%clk 1:28:42]} 4. Nxd4
{[%clk 1:30:48]} a6 {[%clk 1:29:07]} 5. Nc3 {[%clk 1:28:40]} b5 {[%clk 1:29:31]}
6. Bd3 {[%clk 1:28:13]} Bb7 {[%clk 1:29:40]} 7. O-O {[%clk 1:27:14]} Qc7
{[%clk 1:27:22]} 8. Re1 {[%clk 1:22:59]} d6 {[%clk 1:02:18]} 9. a4
{[%clk 1:00:44]} b4 {[%clk 0:52:59]} 10. Na2 {[%clk 0:59:18]} Nd7
{[%clk 0:45:14]} 11. c3 {[%clk 0:52:55]} bxc3 {[%clk 0:42:33]} 12. Nxc3
{[%clk 0:53:16]} Be7 {[%clk 0:41:47]} 13. Be3 {[%clk 0:49:25]} Ngf6
{[%clk 0:38:03]} 14. Rc1 {[%clk 0:48:26]} Qb8 {[%clk 0:38:18]} 15. Bb1
{[%clk 0:44:13]} O-O {[%clk 0:37:48]} 16. f4 {[%clk 0:40:15]} Rd8
{[%clk 0:30:39]} 17. Bf2 {[%clk 0:39:30]} Bf8 {[%clk 0:29:23]} 18. h3
{[%clk 0:27:24]} e5 {[%clk 0:28:23]} 19. Nde2 {[%clk 0:24:56]} Nc5
{[%clk 0:26:03]} 20. Ng3 {[%clk 0:23:05]} exf4 {[%clk 0:23:01]} 21. Nh5
{[%clk 0:23:30]} Nxh5 {[%clk 0:19:17]} 22. Qxh5 {[%clk 0:23:58]} g6
{[%clk 0:17:44]} 23. Qg4 {[%clk 0:22:22]} Ne6 {[%clk 0:17:13]} 24. Ba2
{[%clk 0:21:59]} Qc8 {[%clk 0:11:18]} 25. Nd5 {[%clk 0:20:26]} Nc5
{[%clk 0:05:25]} 26. Nf6+ {[%clk 0:20:20]} Kh8 {[%clk 0:05:16]} 27. Qh4
{[%clk 0:19:18]} h6 {[%clk 0:04:46]} 28. Bxf7 {[%clk 0:15:38]} Qc7
{[%clk 0:04:52]} 29. Bc4 {[%clk 0:12:17]} Qe7 {[%clk 0:03:19]} 30. Qxf4
{[%clk 0:11:37]} Qe5 {[%clk 0:03:13]} 31. Qd2 {[%clk 0:09:41]} Bg7
{[%clk 0:02:39]} 32. Bd4 {[%clk 0:10:05]} Qe7 {[%clk 0:02:10]} 33. Qc3
{[%clk 0:05:08]} Nxa4 {[%clk 0:01:37]} 34. Qb4 {[%clk 0:03:53]} Bc6
{[%clk 0:01:32]} 35. e5 {[%clk 0:04:06]} Rab8 {[%clk 0:01:09]} 36. Qa3
{[%clk 0:04:34]} Nc5 {[%clk 0:00:55]} 37. exd6 {[%clk 0:04:18]} Qb7
{[%clk 0:00:42]} 38. Qxc5 {[%clk 0:04:27]} Bxg2 {[%clk 0:00:53]} 39. Nd5
{[%clk 0:04:08]} Bxd5 {[%clk 0:01:06]} 40. Bxd5 {[%clk 0:04:24]} Bxd4+
{[%clk 0:01:16]} 41. Qxd4+ {[%clk 0:04:51]} Qg7 {[%clk 0:01:46]} 42. Qxg7+
{[%clk 0:04:46]} Kxg7 {[%clk 0:02:13]} 43. Rc7+ {[%clk 0:03:01]} Kf6
{[%clk 0:02:36]} 44. Rf7+ {[%clk 0:00:49]} Kg5 {[%clk 0:03:02]} 45. Re5+
{[%clk 0:29:39]} Kh4 {[%clk 0:33:27]} 46. Rf4+ {[%clk 0:28:45]} Kg3
{[%clk 0:33:47]} 47. Rf3+ {[%clk 0:28:36]} Kh4 {[%clk 0:34:07]} 48. Re4+
{[%clk 0:27:05]} Kh5 {[%clk 0:34:22]} 49. Re5+ {[%clk 0:22:28]} Kh4
{[%clk 0:34:40]} 50. Rf4+ {[%clk 0:22:39]} Kg3 {[%clk 0:34:58]} 51. Rg4+
{[%clk 0:22:53]} Kxh3 {[%clk 0:35:13]} 52. Rxg6 {[%clk 0:23:12]} Kh4
{[%clk 0:35:07]} 53. Bf3 {[%clk 0:23:22]} Rb5 {[%clk 0:35:26]} 54. Re4+
{[%clk 0:22:44]} Kh3 {[%clk 0:35:36]} 55. Bg2#  1-0

[Event "European Senior Team Championship 2021"]
[Site "Don Giovanni hotel, Vinohradska 2733, Prague, Czech Republic"]
[Date "2021.09.04"]
[Round "6"]
[Board "2"]
[White "Koper, Stefan"]
[Black "Carlsten, Peter"]
[Result "1/2-1/2"]
[WhiteElo "1827"]
[BlackElo "1945"]
[PlyCount "0"]
[EventDate "2021.08.30"]
[EventType "team"]
[EventRounds "9"]
[EventCountry "ECX"]
[WhiteTeam "OLDEST BOYS"]
[BlackTeam "SWEDEN 2"]

1. d4 {[%clk 1:30:56]} f5 {[%clk 1:30:47]} 2. g3 {[%clk 1:30:40]} Nf6
{[%clk 1:30:59]} 3. Bg2 {[%clk 1:30:56]} g6 {[%clk 1:31:20]} 4. h4
{[%clk 1:29:41]} h6 {[%clk 1:23:08]} 5. Nh3 {[%clk 1:29:39]} d6 {[%clk 1:20:11]}
6. Nf4 {[%clk 1:29:50]} Rg8 {[%clk 1:20:28]} 7. Nc3 {[%clk 1:22:30]} e5
{[%clk 1:18:28]} 8. dxe5 {[%clk 1:12:29]} dxe5 {[%clk 1:18:47]} 9. Qxd8+
{[%clk 1:12:48]} Kxd8 {[%clk 1:19:11]} 10. Nd3 {[%clk 1:05:10]} Nbd7
{[%clk 1:18:58]} 11. Bd2 {[%clk 1:03:52]} c6 {[%clk 1:17:45]} 12. e4
{[%clk 1:02:25]} Bg7 {[%clk 1:13:07]} 13. O-O-O {[%clk 1:01:46]} Kc7
{[%clk 1:12:35]} 14. f4 {[%clk 0:58:08]} Nh5 {[%clk 1:02:22]} 15. Ne2
{[%clk 0:58:02]} exf4 {[%clk 1:00:31]} 16. Ndxf4 {[%clk 0:54:32]} Nxf4
{[%clk 1:00:26]} 17. Bxf4+ {[%clk 0:53:11]} Ne5 {[%clk 0:59:57]} 18. Nd4
{[%clk 0:52:46]} fxe4 {[%clk 0:56:02]} 19. Bxe4 {[%clk 0:52:24]} Bg4
{[%clk 0:56:24]} 20. Bf3 {[%clk 0:50:49]} Bd7 {[%clk 0:52:49]} 21. Rde1
{[%clk 0:48:15]} Rae8 {[%clk 0:52:38]} 22. Be4 {[%clk 0:48:23]} Kc8
{[%clk 0:52:32]} 23. Nb3 {[%clk 0:44:00]} b6 {[%clk 0:49:19]} 24. c3
{[%clk 0:43:22]} c5 {[%clk 0:39:14]} 25. Nd2 {[%clk 0:43:07]} Bc6
{[%clk 0:38:28]} 26. Bxc6 {[%clk 0:38:49]} Nxc6 {[%clk 0:38:47]} 27. Nc4
{[%clk 0:39:16]} Rxe1+ {[%clk 0:33:57]} 28. Rxe1 {[%clk 0:39:43]} g5
{[%clk 0:32:56]} 29. hxg5 {[%clk 0:31:38]} hxg5 {[%clk 0:33:19]} 30. Bd2
{[%clk 0:31:57]} Kd7 {[%clk 0:32:32]} 31. a4 {[%clk 0:30:50]} Bf6
{[%clk 0:30:47]} 32. Kc2 {[%clk 0:29:09]} Rh8 {[%clk 0:29:59]} 33. Re2
{[%clk 0:28:34]} Rh3 {[%clk 0:30:05]} 34. Be1 {[%clk 0:28:53]} Rh1
{[%clk 0:29:51]} 35. Kd3 {[%clk 0:27:30]} Rf1 {[%clk 0:27:43]} 36. Ke4
{[%clk 0:26:45]} Ke6 {[%clk 0:27:23]} 37. Ne3 {[%clk 0:27:04]} Rg1
{[%clk 0:26:46]} 38. Ng4 {[%clk 0:24:20]} Bg7 {[%clk 0:23:17]} 39. Kf3+
{[%clk 0:22:35]} Ne5+ {[%clk 0:23:19]}  1/2-1/2